Los 1.000 municipios más poblados de España - Estadísticas

Estadísticas generales
  • Esta prueba ha sido intentada 27 veces
  • La puntuación promedio es 435 de 1000
Respuestas en el mapa
Las respuestas están codificadas por una escala verde-roja en el mapa de la prueba según el % correcto abajo.
 
Estadísticas de respuestas
Top Municipio Población Comunidad % Correcto
150 Segovia 52 189 Castilla y León
91%
18 A Coruña 251 277 Galicia
86%
132 Ávila 59 480 Castilla y León
86%
37 Burgos 178 370 Castilla y León
86%
16 Gijón 271 259 Asturias
86%
54 León 124 091 Castilla y León
86%
103 Palencia 77 369 Castilla y León
86%
39 Santander 175 082 Cantabria
86%
14 Vigo 295 735 Galicia
86%
131 Zamora 59 857 Castilla y León
86%
107 Avilés 75 915 Asturias
82%
44 Badajoz 150 870 Extremadura
82%
11 Bilbao 350 975 País Vasco
82%
73 Cáceres 96 598 Extremadura
82%
92 Ceuta 83 567 Ceuta y Melilla
82%
35 Donostia/San Sebastián 189 507 País Vasco
82%
122 Ferrol 64 903 Galicia
82%
423 Lalín 20 255 Galicia
82%
32 Leganés 195 946 C. de Madrid
82%
68 Lugo 100 071 Galicia
82%
1 Madrid 3 477 497 C. de Madrid
82%
86 Melilla 87 067 Ceuta y Melilla
82%
128 Mérida 60 319 Extremadura
82%
556 Mos 15 221 Galicia
82%
62 Ourense 105 609 Galicia
82%
24 Oviedo 223 576 Asturias
82%
125 Ponferrada 63 112 Castilla y León
82%
93 Pontevedra 83 339 Galicia
82%
46 Salamanca 145 583 Castilla y León
82%
812 San Sebastián de la Gomera 9 665 Canarias
82%
72 San Sebastián de los Reyes 97 330 C. de Madrid
82%
599 Santa Cruz de Bezana 13 886 Cantabria
82%
66 Santiago de Compostela 100 842 Galicia
82%
644 Santiago del Teide 12 656 Canarias
82%
181 Soria 40 941 Castilla y León
82%
213 Teruel 36 521 Aragón
82%
3 Valencia 841 558 C. Valenciana
82%
13 Valladolid 301 798 Castilla y León
82%
40 Albacete 175 068 Castilla La Mancha
77%
102 Alcalá de Guadaíra 77 718 Andalucía
77%
31 Alcalá de Henares 202 549 C. de Madrid
77%
658 Alcalá del Río 12 353 Andalucía
77%
395 Alcalá la Real 21 577 Andalucía
77%
38 Alcorcón 176 806 C. de Madrid
77%
30 Almería 204 772 Andalucía
77%
65 Barakaldo 103 084 País Vasco
77%
59 Cádiz 110 123 Andalucía
77%
25 Cartagena 220 400 Murcia
77%
661 Castelló d'Empúries 12 275 Catalunya
77%
36 Castellón de la Plana/Castelló de la Plana 183 709 C. Valenciana
77%
105 Ciudad Real 76 087 Castilla La Mancha
77%
686 Ciudad Rodrigo 11 733 Castilla y León
77%
144 Cuenca 53 761 Castilla La Mancha
77%
33 Getafe 195 628 C. de Madrid
77%
106 Getxo 75 967 País Vasco
77%
48 Huelva 143 774 Andalucía
77%
139 Huesca 55 033 Aragón
77%
343 Ibi 24 662 C. Valenciana
77%
26 Jerez de la Frontera 215 025 Andalucía
77%
860 Jerez de los Caballeros 9 104 Extremadura
77%
120 La Línea de la Concepción 65 420 Andalucía
77%
9 Las Palmas de Gran Canaria 384 023 Canarias
77%
43 Logroño 151 681 La Rioja
77%
6 Málaga 597 173 Andalucía
77%
42 Marbella 160 478 Andalucía
77%
212 Miranda de Ebro 36 617 Castilla y León
77%
29 Pamplona/Iruña 209 676 Navarra
77%
41 San Cristóbal de La Laguna 161 927 Canarias
77%
542 Santa Cruz de la Palma 15 763 Canarias
77%
28 Santa Cruz de Tenerife 211 498 Canarias
77%
90 Talavera de la Reina 84 413 Castilla La Mancha
77%
85 Toledo 87 074 Castilla La Mancha
77%
151 Torrelavega 51 668 Cantabria
77%
197 Tudela 38 773 Navarra
77%
867 Tudela de Duero 8 933 Castilla León
77%
17 Vitoria-Gasteiz 260 402 País Vasco
77%
4 Zaragoza 699 007 Aragón
77%
53 Algeciras 126 500 Andalucía
73%
10 Alicante/Alacant 365 586 C. Valenciana
73%
228 Almendralejo 34 544 Extremadura
73%
233 Aranda de Duero 33 904 Castilla y León
73%
113 Arrecife 70 265 Canarias
73%
22 Badalona 230 642 Catalunya
73%
2 Barcelona 1 713 247 Catalunya
73%
505 Benavente 17 276 Castilla y León
73%
996 Castro del Río 7 590 Andalucía
73%
237 Castro-Urdiales 33 392 Cantabria
73%
79 Chiclana de la Frontera 90 997 Andalucía
73%
12 Córdoba 324 159 Andalucía
73%
50 Dos Hermanas 142 463 Andalucía
73%
141 Eivissa 54 628 Islas Baleares
73%
19 Elche/Elx 245 575 C. Valenciana
73%
80 El Ejido 90 617 Andalucía
73%
81 El Puerto de Santa María 90 242 Andalucía
73%
98 Estepona 79 593 Andalucía
73%
61 Girona 108 352 Catalunya
73%
20 Granada 235 294 Andalucía
73%
76 Guadalajara 92 798 Castilla La Mancha
73%
124 Irun 63 737 País Vasco
73%
57 Jaén 112 119 Andalucía
73%
199 Langreo 38 615 Asturias
73%
722 La Palma del Condado 10 858 Andalucía
73%
15 L'Hospitalet de Llobregat 292 161 Catalunya
73%
45 Lleida 147 369 Catalunya
73%
109 Majadahonda 73 662 C. de Madrid
73%
27 Móstoles 214 293 C. de Madrid
73%
7 Murcia 477 631 Murcia
73%
8 Palma 443 196 Islas Baleares
73%
419 Palma del Río 20 535 Andalucía
73%
186 Plasencia 40 224 Extremadura
73%
890 Roquetes 8 606 Catalunya
73%
23 Sabadell 224 589 Catalunya
73%
5 Sevilla 688 714 Andalucía
73%
49 Tarragona 143 260 Catalunya
73%
21 Terrassa 232 676 Catalunya
73%
78 Torrent 91 353 Catalunya
73%
84 Vélez-Málaga 87 798 Andalucía
73%
769 Vilanova de Arousa 10 182 Galicia
73%
111 Vilanova i la Geltrú 71 305 Catalunya
73%
56 Alcobendas 123 222 C. de Madrid
68%
104 Benidorm 77 211 C. Valenciana
68%
330 Calahorra 25 292 La Rioja
68%
97 Coslada 80 365 C. de Madrid
68%
751 Foz 10 415 Galicia
68%
34 Fuenlabrada 189 814 C. de Madrid
68%
666 Haro 12 153 La Rioja
68%
70 Lorca 98 613 Murcia
68%
196 Los Palacios y Villafranca 38 778 Andalucía
68%
52 Mataró 131 370 Catalunya
68%
424 Medina del Campo 20 238 Castilla y León
68%
680 Medina-Sidonia 11 870 Andalucía
68%
903 Muro 8 392 Islas Baleares
68%
683 Olivenza 11 775 Extremadura
68%
51 Parla 138 012 C. de Madrid
68%
136 Pinto 56 592 C. de Madrid
68%
82 Pozuelo de Alarcón 89 474 C. de Madrid
68%
58 Reus 111 911 Catalunya
68%
60 Roquetas de Mar 110 054 Andalucía
68%
110 Sagunto/Sagunt 73 416 C. Valenciana
68%
75 San Fernando 93 490 Andalucía
68%
194 San Fernando de Henares 39 033 C. de Madrid
68%
71 Sant Cugat del Vallès 97 959 Catalunya
68%
466 Tarifa 18 627 Andalucía
68%
87 Valdemoro 86 078 C. de Madrid
68%
153 Vic 50 405 Catalunya
68%
171 Vilafranca del Penedès 42 561 Catalunya
68%
659 Villafranca de los Barros 12 285 Extremadura
68%
205 Águilas 37 761 Murcia
64%
526 Alcañiz 16 447 Aragón
64%
126 Alcoy/Alcoi 61 613 C. Valenciana
64%
123 Aranjuez 63 838 C. de Madrid
64%
229 Arteixo 34 389 Galicia
64%
673 Béjar 11 990 Castilla y León
64%
100 Benalmádena 78 787 Andalucía
64%
608 Betanzos 13 508 Galicia
64%
314 Cangas 26 698 Galicia
64%
705 Cangas del Narcea 11 290 Asturias
64%
432 Chipiona 20 078 Andalucía
64%
116 Collado Villalba 67 956 C. de Madrid
64%
202 Don Benito 38 009 Extremadura
64%
690 Formentera 11 690 Islas Baleares
64%
510 Gernika-Lumo 17 081 País Vasco
64%
591 Jaca 14 012 Aragón
64%
368 Laguna de Duero 22 999 Castilla y León
64%
735 Laredo 10 675 Cantabria
64%
69 Las Rozas de Madrid 99 579 C. de Madrid
64%
278 Lepe 29 869 Andalucía
64%
137 Linares 55 689 Andalucía
64%
155 Manacor 49 275 Islas Baleares
64%
216 Mieres 36 368 Asturias
64%
845 Monforte del Cid 9 372 Valencia
64%
454 Monforte de Lemos 18 989 Galicia
64%
629 Ordes 12 970 Galicia
64%
165 Puertollano 45 699 Castilla La Mancha
64%
918 Santa Coloma de Cervelló 8 275 Catalunya
64%
586 Santa Coloma de Farners 14 218 Catalunya
64%
55 Santa Coloma de Gramenet 123 250 Catalunya
64%
482 Sanxenxo 17 990 Galicia
64%
47 Torrejón de Ardoz 144 211 C. de Madrid
64%
741 Torrejón de la Calzada 10 618 C. de Madrid
64%
112 Torremolinos 71 270 Andalucía
64%
495 Tui 17 499 Galicia
64%
203 Vilagarcía de Arousa 37 975 Galicia
64%
359 Villanueva de la Cañada 23 784 C. de Madrid
64%
521 Zafra 16 708 Extremadura
64%
152 Adeje 50 612 Canarias
59%
785 A Guarda 9 994 Galicia
59%
377 Alcúdia 22 459 Islas Baleares
59%
487 Barbastro 17 799 Aragón
59%
185 Basauri 40 262 País Vasco
59%
271 Benicarló 30 394 C. Valenciana
59%
417 Benicasim/Benicàssim 20 586 C. Valenciana
59%
429 Calatayud 20 152 Aragón
59%
856 Colmenar de Oreja 9 231 Madrid
59%
134 Colmenar Viejo 58 654 C. de Madrid
59%
671 Coria 12 004 Extremadura
59%
255 Coria del Río 31 292 Andalucía
59%
188 Écija 39 797 Andalucía
59%
303 Eibar 27 464 País Vasco
59%
836 El Puig de Santa Maria 9 450 Valencia
59%
580 Estella/Lizarra 14 356 Navarra
59%
550 Fraga 15 400 Aragón
59%
89 Fuengirola 84 857 Andalucía
59%
94 Gandia 82 909 C. Valenciana
59%
646 L'Alcúdia 12 574 C. Valenciana
59%
839 La Pobla de Farnals 9 428 Valencia
59%
299 La Pobla de Vallbona 27 777 C. Valenciana
59%
541 La Roda 15 792 Castilla La Mancha
59%
607 Llanes 13 529 Asturias
59%
74 Mijas 94 320 Andalucía
59%
446 Moaña 19 316 Galicia
59%
558 Montijo 15 195 Extremadura
59%
129 Motril 60 160 Andalucía
59%
91 Orihuela 84 279 C. Valenciana
59%
167 Portugalete 44 864 País Vasco
59%
64 Rivas-Vaciamadrid 103 243 C. de Madrid
59%
281 Rota 29 620 Andalucía
59%
95 Rubí 82 825 Catalunya
59%
437 San Bartolomé 19 744 Canarias
59%
140 San Bartolomé de Tirajana 54 925 Canarias
59%
114 Sanlúcar de Barrameda 69 952 Andalucía
59%
571 Sanlúcar la Mayor 14 633 Andalucía
59%
280 San Pedro del Pinatar 29 726 Murcia
59%
566 Santa Marta de Tormes 14 949 Castilla y León
59%
283 Sant Antoni de Portmany 29 455 Islas Baleares
59%
163 Santurtzi 46 530 País Vasco
59%
561 Sa Pobla 15 106 Islas Baleares
59%
63 Telde 104 933 Canarias
59%
236 Úbeda 33 605 Andalucía
59%
145 Vila-real 53 634 C. Valenciana
59%
912 Villanueva de Córdoba 8 322 Andalucía
59%
971 Villanueva del Arzobispo 7 767 Andalucía
59%
322 Villanueva de la Serena 25 751 Extremadura
59%
471 Villanueva del Pardillo 18 415 C. de Madrid
59%
367 Amposta 23 047 Catalunya
55%
130 Arganda del Rey 60 105 C. de Madrid
55%
83 Arona 89 036 Canarias
55%
373 Arroyo de la Encomienda 22 778 Castilla y León
55%
763 Astorga 10 300 Castilla y León
55%
383 Ayamonte 22 238 Andalucía
55%
657 Baiona 12 366 Galicia
55%
143 Calvià 54 082 Islas Baleares
55%
600 Cambados 13 863 Galicia
55%
209 Cambrils 37 068 Catalunya
55%
251 Carballo 32 095 Galicia
55%
244 Ciutadella de Menorca 32 719 Islas Baleares
55%
975 Collado Mediano 7 749 Madrid
55%
344 Cullera 24 621 C. Valenciana
55%
160 Dénia 47 568 C. Valenciana
55%
174 Igualada 42 449 Catalunya
55%
394 Isla Cristina 21 617 Andalucía
55%
627 La Seu d'Urgell 13 003 Catalunya
55%
96 Manresa 80 692 Catalunya
55%
259 Maó 30 986 Islas Baleares
55%
101 Molina de Segura 78 210 Murcia
55%
469 Monzón 18 465 Aragón
55%
504 Navalmoral de la Mata 17 297 Extremadura
55%
588 Noia 14 108 Galicia
55%
585 O Carballiño 14 238 Galicia
55%
173 Puerto Real 42 472 Andalucía
55%
310 Quart de Poblet 26 939 C. Valenciana
55%
291 Redondela 28 928 Galicia
55%
784 Ribadeo 9 996 Galicia
55%
235 Ronda 33 708 Andalucía
55%
258 Salou 31 018 Catalunya
55%
99 Santa Lucía de Tirajana 79 506 Canarias
55%
818 Santa María de Cayón 9 646 Cantabria
55%
309 Sant Andreu de la Barca 27 069 Catalunya
55%
676 Sant Andreu de Llavaneres 11 910 Catalunya
55%
313 Sant Joan d'Alacant 26 772 C. Valenciana
55%
219 Sant Joan Despí 35 811 Catalunya
55%
712 Sant Joan de Vilatorrada 11 109 Catalunya
55%
830 Sant Llorenç des Cardassar 9 479 Islas Baleares
55%
247 Sant Pere de Ribes 32 613 Catalunya
55%
603 Sarria 13 776 Galicia
55%
430 Tolosa 20 121 País Vasco
55%
906 Toro 8 349 Castilla León
55%
67 Torrevieja 100 470 C. Valenciana
55%
886 Trujillo 8 660 Extremadura
55%
148 Utrera 52 489 Andalucía
55%
117 Viladecans 67 536 Catalunya
55%
636 Vilanova del Camí 12 886 Catalunya
55%
269 Vinaròs 30 516 C. Valenciana
55%
562 Viveiro 15 091 Galicia
55%
260 Xàtiva 30 925 C. Valenciana
55%
168 Alcantarilla 43 791 Murcia
50%
332 Almonte 25 236 Andalucía
50%
156 Alzira 48 604 C. Valenciana
50%
563 Arnedo 15 076 La Rioja
50%
220 Azuqueca de Henares 35 733 Castilla La Mancha
50%
544 Baeza 15 567 Andalucía
50%
118 Boadilla del Monte 66 319 C. de Madrid
50%
456 Boiro 18 958 Galicia
50%
287 Camas 29 191 Andalucía
50%
115 Castelldefels 69 689 Catalunya
50%
135 Cerdanyola del Vallès 58 264 Catalunya
50%
355 Conil de la Frontera 24 133 Andalucía
50%
506 Ejea de los Caballeros 17 219 Aragón
50%
138 Elda 55 554 C. Valenciana
50%
503 El Escorial 17 322 C. de Madrid
50%
154 Figueres 49 556 Catalunya
50%
261 Hellín 30 911 Castilla La Mancha
50%
218 Inca 36 076 Islas Baleares
50%
264 Jávea/Xàbia 30 817 C. Valenciana
50%
305 Jumilla 27 434 Murcia
50%
761 La Bañeza 10 326 Castilla y León
50%
725 La Puebla de Cazalla 10 837 Andalucía
50%
679 La Puebla del Río 11 897 Andalucía
50%
926 La Puebla de Montalbán 8 172 Castilla La Mancha
50%
489 Manzanares 17 699 Castilla La Mancha
50%
810 Manzanares el Real 9 670 Madrid
50%
290 Martorell 28 989 Catalunya
50%
222 Mazarrón 35 642 Murcia
50%
770 Mora 10 174 Castilla La Mancha
50%
187 Narón 39 890 Galicia
50%
385 Nerja 22 062 Andalucía
50%
612 O Barco de Valdeorras 13 370 Galicia
50%
535 Ocaña 16 039 Castilla La Mancha
50%
191 Olot 39 516 Catalunya
50%
408 O Porriño 20 935 Galicia
50%
297 Paiporta 28 237 C. Valenciana
50%
500 Poio 17 426 Galicia
50%
164 Puerto del Rosario 46 182 Canarias
50%
403 Requena 21 050 C. Valenciana
50%
227 Salt 34 603 Catalunya
50%
276 San Andrés del Rabanedo 29 996 Castilla y León
50%
215 San Javier 36 385 Murcia
50%
457 San Lorenzo de El Escorial 18 942 C. de Madrid
50%
407 San Martín de la Vega 20 936 C. de Madrid
50%
546 San Martín del Rey Aurelio 15 526 Asturias
50%
853 San Martín de Valdeiglesias 9 302 Madrid
50%
172 Santa Eulalia del Río 42 496 Islas Baleares
50%
581 Santa María de Guía de Gran Canaria 14 334 Canarias
50%
970 Santa María del Camí 7 768 Islas Baleares
50%
778 Santa Maria de Palautordera 10 060 Catalunya
50%
772 Sant Vicenç de Castellet 10 167 Catalunya
50%
292 Sant Vicenç dels Horts 28 760 Catalunya
50%
127 San Vicente del Raspeig/Sant Vicent del Raspeig 60 428 C. Valenciana
50%
295 Sestao 28 473 País Vasco
50%
146 Siero 52 997 Asturias
50%
720 Tafalla 10 867 Navarra
50%
719 Tarazona 10 872 Aragón
50%
208 Tomelloso 37 185 Castilla La Mancha
50%
389 Torrox 21 795 Andalucía
50%
217 Tortosa 36 258 Catalunya
50%
691 Utiel 11 639 C. Valenciana
50%
597 Verín 13 921 Galicia
50%
595 Vilalba 13 946 Galicia
50%
551 Villaviciosa 15 386 Asturias
50%
275 Villaviciosa de Odón 30 068 C. de Madrid
50%
214 Yecla 36 398 Murcia
50%
361 Zarautz 23 467 País Vasco
50%
324 Adra 25 579 Andalucía
45%
252 Alcázar de San Juan 31 907 Castilla La Mancha
45%
572 Alovera 14 533 Castilla La Mancha
45%
239 Ames 33 213 Galicia
45%
438 Amorebieta-Etxano 19 639 País Vasco
45%
760 Amurrio 10 346 País Vasco
45%
177 Antequera 41 823 Andalucía
45%
953 Arévalo 7 875 Castilla León
45%
200 Arroyomolinos 38 185 Extremadura
45%
375 Barbate 22 686 Andalucía
45%
813 Burela 9 658 Galicia
45%
304 Calpe/Calp 27 440 C. Valenciana
45%
320 Caravaca de la Cruz 26 236 Murcia
45%
270 Carmona 30 408 Andalucía
45%
754 Caspe 10 405 Aragón
45%
709 Cassà de la Selva 11 167 Catalunya
45%
223 Cieza 35 452 Cantabria
45%
77 Cornellà de Llobregat 92 255 Catalunya
45%
552 Cuarte de Huerva 15 380 Aragón
45%
257 Culleredo 31 232 Galicia
45%
339 El Masnou 24 727 Catalunya
45%
119 El Prat de Llobregat 66 251 Catalunya
45%
158 Gavà 48 181 Catalunya
45%
461 Guadix 18 877 Andalucía
45%
422 Hernani 20 378 País Vasco
45%
519 Hondarribia 16 768 País Vasco
45%
240 Illescas 33 167 Castilla La Mancha
45%
170 La Orotava 42 669 Canarias
45%
249 La Vall d'Uixó 32 220 C. Valenciana
45%
245 Leioa 32 708 País Vasco
45%
176 Lloret de Mar 41 944 Catalunya
45%
183 Llucmajor 40 450 Islas Baleares
45%
415 Los Llanos de Aridane 20 662 Canarias
45%
379 Maracena 22 372 Andalucía
45%
357 Marín 23 976 Galicia
45%
843 Miajadas 9 393 Extremadura
45%
238 Navalcarnero 33 352 C. de Madrid
45%
318 Onda 26 297 C. Valenciana
45%
210 Ontinyent 36 847 C. Valenciana
45%
650 Oropesa del Mar/Orpesa 12 483 C. Valenciana
45%
108 Paterna 75 805 C. Valenciana
45%
363 Ponteareas 23 206 Galicia
45%
253 Puerto de la Cruz 31 589 Canarias
45%
896 Reinosa 8 548 Cantabria
45%
308 Ribeira 27 110 Galicia
45%
149 Rincón de la Victoria 52 355 Andalucía
45%
426 Roses 20 175 Catalunya
45%
811 Sabiñánigo 9 665 Aragón
45%
497 Sada 17 469 Galicia
45%
362 San Juan de Aznalfarache 23 455 Andalucía
45%
783 San Juan del Puerto 10 006 Andalucía
45%
195 Sant Adrià de Besòs 38 980 Catalunya
45%
946 Santa Eulàlia de Ronçana 7 955 Catalunya
45%
88 Sant Boi de Llobregat 85 317 Catalunya
45%
366 Sant Feliu de Guíxols 23 060 Catalunya
45%
162 Sant Feliu de Llobregat 46 688 Catalunya
45%
717 Santoña 10 881 Cantabria
45%
420 Silla 20 484 C. Valenciana
45%
246 Sitges 32 690 Catalunya
45%
665 Socuéllamos 12 236 Castilla La Mancha
45%
282 Sueca 29 544 C. Valenciana
45%
453 Tàrrega 18 991 Catalunya
45%
601 Tomiño 13 814 Galicia
45%
873 Tordesillas 8 801 Castilla León
45%
142 Tres Cantos 54 506 C. de Madrid
45%
448 Utebo 19 135 Aragón
45%
266 Valdepeñas 30 698 Castilla La Mancha
45%
326 Valls 25 540 Catalunya
45%
623 Vejer de la Frontera 13 117 Andalucía
45%
838 Vilassar de Dalt 9 433 Catalunya
45%
400 Vilassar de Mar 21 234 Catalunya
45%
455 Villaquilambre 18 968 Castilla y León
45%
431 A Estrada 20 101 Galicia
41%
317 Alboraya 26 324 C. Valenciana
41%
724 Alcàsser 10 843 C. Valenciana
41%
226 Aldaia 34 644 C. Valenciana
41%
782 Aller 10 007 Asturias
41%
346 Almansa 24 603 Castilla La Mancha
41%
298 Almuñécar 28 011 Andalucía
41%
338 Altea 24 731 C. Valenciana
41%
655 Andratx 12 424 Islas Baleares
41%
899 Aracena 8 451 Andalucía
41%
513 Arenys de Mar 16 982 Catalunya
41%
826 Arenys de Munt 9 527 Catalunya
41%
378 Arrasate/Mondragón 22 411 País Vasco
41%
490 Balaguer 17 667 Catalunya
41%
440 Barañain 19 588 Navarra
41%
416 Baza 20 657 Andalucía
41%
590 Beasain 14 019 País Vasco
41%
494 Berga 17 539 Catalunya
41%
771 Binéfar 10 169 Aragón
41%
175 Blanes 42 446 Catalunya
41%
204 Borriana/Burriana 37 803 C. Valenciana
41%
794 Buñol 9 912 Valencia
41%
178 Burjassot 41 743 C. Valenciana
41%
248 Calafell 32 429 Catalunya
41%
387 Castrillón 21 986 Asturias
41%
267 Catarroja 30 612 C. Valenciana
41%
263 Crevillent 30 880 C. Valenciana
41%
733 Daganzo de Arriba 10 758 C. de Madrid
41%
273 Durango 30 181 País Vasco
41%
470 El Astillero 18 445 Cantabria
41%
596 El Casar 13 924 Castilla La Mancha
41%
688 Elgoibar 11 709 País Vasco
41%
179 El Vendrell 41 195 Catalunya
41%
192 Errenteria 39 341 País Vasco
41%
447 Felanitx 19 215 Islas Baleares
41%
337 Galdakao 24 767 País Vasco
41%
560 Gondomar 15 109 Galicia
41%
493 Guadarrama 17 545 C. de Madrid
41%
468 Guardamar del Segura 18 541 C. Valenciana
41%
463 Huércal de Almería 18 763 Andalucía
41%
412 Huércal-Overa 20 801 Andalucía
41%
418 Humanes de Madrid 20 549 C. de Madrid
41%
279 La Oliva 29 864 Canarias
41%
532 La Ràpita 16 230 Catalunya
41%
479 Laudio/Llodio 18 063 País Vasco
41%
398 La Unión 21 318 Murcia
41%
752 Lena 10 411 Asturias
41%
474 Lora del Río 18 215 Andalucía
41%
931 Los Santos de Maimona 8 101 Extremadura
41%
243 Manises 32 747 C. Valenciana
41%
184 Marratxí 40 434 Islas Baleares
41%
349 Martos 24 441 Andalucía
41%
492 Massamagrell 17 564 C. Valenciana
41%
537 Meco 15 979 C. de Madrid
41%
335 Mejorada del Campo 24 976 C. de Madrid
41%
356 Moguer 24 014 Andalucía
41%
147 Mollet del Vallès 52 759 Catalunya
41%
927 Muros 8 171 Galicia
41%
476 Nigrán 18 156 Galicia
41%
242 Níjar 32 772 Andalucía
41%
718 O Grove 10 877 Galicia
41%
198 Oleiros 38 750 Galicia
41%
312 Oliva 26 820 C. Valenciana
41%
348 Palafrugell 24 556 Catalunya
41%
458 Palamós 18 921 Catalunya
41%
301 Paracuellos de Jarama 27 649 C. de Madrid
41%
876 Peníscola/Peñíscola 8 748 Valencia
41%
364 Picassent 23 157 C. Valenciana
41%
311 Piélagos 26 859 Cantabria
41%
274 Pineda de Mar 30 071 Catalunya
41%
486 Pollença 17 801 Islas Baleares
41%
515 Pozoblanco 16 918 Andalucía
41%
742 Premià de Dalt 10 601 Catalunya
41%
284 Premià de Mar 29 348 Catalunya
41%
473 Puerto Lumbreras 18 240 Murcia
41%
779 Puigcerdà 10 053 Catalunya
41%
530 Punta Umbría 16 274 Andalucía
41%
703 Quintanar de la Orden 11 321 Castilla La Mancha
41%
993 Quintanar del Rey 7 642 Castilla La Mancha
41%
345 Riba-roja de Túria 24 609 C. Valenciana
41%
710 San Antonio de Benagéber 11 154 C. Valenciana
41%
190 Santa Pola 39 622 C. Valenciana
41%
265 Sant Josep de sa Talaia 30 702 Islas Baleares
41%
864 Suances 9 037 Cantabria
41%
507 Tarancón 17 207 Castilla La Mancha
41%
452 Teo 19 038 Galicia
41%
180 Torre-Pacheco 41 158 Murcia
41%
522 Ubrique 16 624 Andalucía
41%
425 Vera 20 193 Andalucía
41%
997 Villablino 7 587 Castilla León
41%
206 Villajoyosa/La Vila Joiosa 37 578 C. Valenciana
41%
815 Xinzo de Limia 9 655 Galicia
41%
250 Xirivella 32 178 C. Valenciana
41%
622 Aguilar de la Frontera 13 119 Andalucía
36%
234 Agüimes 33 875 Canarias
36%
759 Alaior 10 356 Islas Baleares
36%
272 Alaquàs 30 352 C. Valenciana
36%
638 Albox 12 872 Andalucía
36%
402 Algete 21 194 C. de Madrid
36%
353 Alhama de Murcia 24 227 Murcia
36%
166 Alhaurín de la Torre 45 324 Andalucía
36%
302 Alhaurín el Grande 27 610 Andalucía
36%
221 Andújar 35 677 Andalucía
36%
256 Arcos de la Frontera 31 281 Andalucía
36%
331 Armilla 25 259 Andalucía
36%
193 Arucas 39 193 Canarias
36%
380 Aspe 22 354 C. Valenciana
36%
554 Azpeitia 15 297 País Vasco
36%
472 Baena 18 335 Andalucía
36%
694 Beniel 11 548 Murcia
36%
628 Berja 12 997 Andalucía
36%
850 Binissalem 9 323 Islas Baleares
36%
667 Bolaños de Calatrava 12 121 Castilla La Mancha
36%
700 Bollullos de la Mitación 11 443 Andalucía
36%
579 Bollullos Par del Condado 14 377 Andalucía
36%
707 Brunete 11 261 C. de Madrid
36%
681 Bueu 11 829 Galicia
36%
672 Bullas 11 999 Murcia
36%
433 Cabra 19 986 Andalucía
36%
467 Caldes de Montbui 18 554 Catalunya
36%
414 Calella 20 775 Catalunya
36%
662 Calonge 12 268 Catalunya
36%
268 Camargo 30 557 Cantabria
36%
336 Cambre 24 771 Galicia
36%
637 Campo de Criptana 12 883 Castilla La Mancha
36%
388 Carcaixent 21 893 C. Valenciana
36%
393 Cartaya 21 639 Andalucía
36%
478 Chiva 18 122 C. Valenciana
36%
835 Cuéllar 9 451 Castilla León
36%
669 Deltebre 12 074 Catalunya
36%
372 Egüés 22 785 Navarra
36%
254 El Campello 31 567 C. Valenciana
36%
753 El Espinar 10 410 Castilla y León
36%
157 Esplugues de Llobregat 48 424 Catalunya
36%
211 Galapagar 36 805 C. de Madrid
36%
133 Granadilla de Abona 59 126 Canarias
36%
121 Granollers 65 123 Catalunya
36%
568 La Carolina 14 692 Andalucía
36%
445 La Nucia 19 329 C. Valenciana
36%
668 Lardero 12 100 La Rioja
36%
528 Las Cabezas de San Juan 16 393 Andalucía
36%
656 Laviana 12 393 Asturias
36%
300 Lebrija 27 767 Andalucía
36%
434 L'Eliana 19 952 C. Valenciana
36%
323 Llíria 25 613 C. Valenciana
36%
948 Lorquí 7 932 Murcia
36%
347 Los Barrios 24 588 Andalucía
36%
169 Lucena 43 410 Andalucía
36%
777 Madridejos 10 072 Castilla La Mancha
36%
699 Mancha Real 11 479 Andalucía
36%
480 Manilva 18 044 Andalucía
36%
397 Manlleu 21 321 Catalunya
36%
161 Mislata 47 003 C. Valenciana
36%
992 Mojácar 7 642 Andalucía
36%
536 Mollerussa 16 016 Catalunya
36%
382 Moncada 22 252 C. Valenciana
36%
207 Montcada i Reixac 37 446 Catalunya
36%
639 Montgat 12 835 Catalunya
36%
384 Montilla 22 192 Andalucía
36%
902 Morata de Tajuña 8 394 Madrid
36%
483 Mula 17 986 Murcia
36%
938 Navia 8 039 Asturias
36%
315 Novelda 26 612 C. Valenciana
36%
578 Nules 14 382 C. Valenciana
36%
501 Osuna 17 390 Andalucía
36%
399 Pájara 21 254 Canarias
36%
614 Palos de la Frontera 13 289 Andalucía
36%
460 Parets del Vallès 18 899 Catalunya
36%
533 Pasaia 16 172 País Vasco
36%
678 Picanya 11 899 C. Valenciana
36%
485 Piera 17 884 Catalunya
36%
277 Puente Genil 29 977 Andalucía
36%
652 Pulpí 12 462 Andalucía
36%
734 Rianxo 10 755 Galicia
36%
727 Ripoll 10 812 Catalunya
36%
641 Salobreña 12 711 Andalucía
36%
740 Salvaterra de Miño 10 632 Galicia
36%
352 San Miguel de Abona 24 307 Canarias
36%
224 San Roque 34 873 Andalucía
36%
633 Santanyí 12 928 Islas Baleares
36%
459 Sant Celoni 18 916 Catalunya
36%
405 Sant Just Desvern 21 045 Catalunya
36%
527 Santomera 16 394 Murcia
36%
262 Seseña 30 889 Castilla La Mancha
36%
593 Sóller 13 996 Islas Baleares
36%
833 Soto del Real 9 459 Madrid
36%
802 Tavernes Blanques 9 789 Valencia
36%
484 Tavernes de la Valldigna 17 933 C. Valenciana
36%
358 Teguise 23 946 Canarias
36%
392 Tías 21 671 Canarias
36%
451 Tordera 19 047 Catalunya
36%
475 Torredembarra 18 190 Catalunya
36%
618 Torredonjimeno 13 217 Andalucía
36%
329 Torrelodones 25 324 C. de Madrid
36%
960 Torres de la Alameda 7 829 Madrid
36%
731 Valdés 10 763 Asturias
36%
327 Villarrobledo 25 418 Castilla La Mancha
36%
225 Villena 34 729 C. Valenciana
36%
464 Yaiza 18 698 Canarias
36%
525 Zizur Mayor/Zizur Nagusia 16 466 Navarra
36%
773 Zumaia 10 154 País Vasco
36%
684 A Laracha 11 773 Galicia
32%
499 Albal 17 432 C. Valenciana
32%
436 Albolote 19 770 Andalucía
32%
780 Alcanar 10 048 Catalunya
32%
788 Alfaro 9 969 La Rioja
32%
296 Algemesí 28 248 C. Valenciana
32%
565 Alginet 14 981 C. Valenciana
32%
289 Almazora/Almassora 29 094 C. Valenciana
32%
369 Almoradí 22 874 C. Valenciana
32%
605 Álora 13 639 Andalucía
32%
539 Alpedrete 15 831 C. de Madrid
32%
634 Argentona 12 891 Catalunya
32%
803 As Pontes de García Rodríguez 9 787 Galicia
32%
685 Azkoitia 11 768 País Vasco
32%
508 Bailén 17 128 Andalucía
32%
410 Banyoles 20 887 Catalunya
32%
232 Barberà del Vallès 34 031 Catalunya
32%
702 Bargas 11 325 Castilla La Mancha
32%
520 Benetússer 16 759 C. Valenciana
32%
647 Benissa 12 524 C. Valenciana
32%
509 Bermeo 17 116 País Vasco
32%
294 Bétera 28 605 C. Valenciana
32%
631 Brenes 12 931 Andalucía
32%
401 Burlada/Burlata 21 229 Navarra
32%
695 Cabanillas del Campo 11 538 Castilla La Mancha
32%
910 Cabezón de la Sal 8 329 Cantabria
32%
889 Caldes de Malavella 8 644 Catalunya
32%
915 Callosa d'en Sarrià 8 301 Valencia
32%
435 Callosa de Segura 19 895 C. Valenciana
32%
648 Campos 12 510 Islas Baleares
32%
602 Canals 13 805 C. Valenciana
32%
559 Canet de Mar 15 191 Catalunya
32%
919 Canet d'en Berenguer 8 266 Valencia
32%
498 Canovelles 17 445 Catalunya
32%
613 Capdepera 13 298 Islas Baleares
32%
898 Carboneras 8 456 Andalucía
32%
450 Cardedeu 19 050 Catalunya
32%
285 Cártama 29 264 Andalucía
32%
677 Castalla 11 900 C. Valenciana
32%
328 Castellar del Vallès 25 395 Catalunya
32%
626 Castellbisbal 13 058 Catalunya
32%
748 Caudete 10 481 Castilla La Mancha
32%
980 Cee 7 731 Galicia
32%
570 Cehegín 14 650 Murcia
32%
820 Cervera 9 630 Catalunya
32%
621 Ceutí 13 152 Murcia
32%
928 Chantada 8 149 Galicia
32%
861 Cheste 9 099 Valencia
32%
698 Cocentaina 11 486 C. Valenciana
32%
316 Coín 26 474 Andalucía
32%
805 Colmenarejo 9 755 Madrid
32%
983 Cox 7 714 Valencia
32%
491 Cubelles 17 648 Catalunya
32%
549 Cuevas del Almanzora 15 435 Andalucía
32%
529 Cunit 16 304 Catalunya
32%
488 Daimiel 17 741 Castilla La Mancha
32%
744 El Álamo 10 590 C. de Madrid
32%
787 El Molar 9 970 C. de Madrid
32%
893 El Pinós/Pinoso 8 556 Valencia
32%
481 El Rosario 18 028 Canarias
32%
340 Erandio 24 721 País Vasco
32%
545 Ermua 15 560 País Vasco
32%
653 Estepa 12 437 Andalucía
32%
651 Fene 12 462 Galicia
32%
333 Gáldar 25 167 Canarias
32%
611 Gibraleón 13 432 Andalucía
32%
606 Godella 13 556 C. Valenciana
32%
755 Gozón 10 396 Asturias
32%
729 Griñón 10 785 C. de Madrid
32%
386 Güímar 22 010 Canarias
32%
732 Huétor Tájar 10 760 Andalucía
32%
660 Huétor Vega 12 276 Andalucía
32%
517 La Algaba 16 862 Andalucía
32%
937 La Almunia de Doña Godina 8 044 Aragón
32%
573 La Carlota 14 520 Andalucía
32%
404 L'Alfàs del Pi 21 046 C. Valenciana
32%
615 La Llagosta 13 254 Catalunya
32%
831 L'Ametlla de Mar 9 473 Catalunya
32%
182 La Rinconada 40 747 Andalucía
32%
714 La Roca del Vallès 11 021 Catalunya
32%
444 Lasarte-Oria 19 413 País Vasco
32%
411 Les Franqueses del Vallès 20 855 Catalunya
32%
592 Llanera 14 010 Asturias
32%
716 Llinars del Vallès 10 931 Catalunya
32%
409 Loja 20 923 Andalucía
32%
715 Los Corrales de Buelna 10 950 Cantabria
32%
201 Los Realejos 38 161 Canarias
32%
351 Mairena del Alcor 24 354 Andalucía
32%
159 Mairena del Aljarafe 48 032 Andalucía
32%
439 Malgrat de Mar 19 630 Catalunya
32%
739 Massanassa 10 634 C. Valenciana
32%
538 Miguelturra 15 890 Castilla La Mancha
32%
306 Molins de Rei 27 291 Catalunya
32%
870 Montmeló 8 868 Catalunya
32%
865 Montoro 9 012 Andalucía
32%
307 Morón de la Frontera 27 200 Andalucía
32%
334 Olesa de Montserrat 25 000 Catalunya
32%
981 Ondara 7 729 Valencia
32%
863 O Porto do Son 9 059 Galicia
32%
766 Peñarroya-Pueblonuevo 10 252 Andalucía
32%
231 Petrer 34 035 C. Valenciana
32%
350 Pilar de la Horadada 24 359 C. Valenciana
32%
390 Priego de Córdoba 21 731 Andalucía
32%
391 Puçol 21 685 C. Valenciana
32%
189 Ripollet 39 773 Catalunya
32%
462 Santa Brígida 18 790 Canarias
32%
321 Santa Perpètua de Mogoda 26 101 Catalunya
32%
930 Sant Esteve Sesrovires 8 112 Catalunya
32%
978 Santpedor 7 739 Catalunya
32%
758 Sax 10 360 C. Valenciana
32%
798 Segorbe 9 814 Valencia
32%
869 Silleda 8 908 Galicia
32%
701 Sonseca 11 419 Castilla La Mancha
32%
645 Son Servera 12 583 Islas Baleares
32%
697 Tegueste 11 513 Canarias
32%
616 Teror 13 244 Canarias
32%
880 Tineo 8 705 Asturias
32%
582 Torrijos 14 313 Castilla La Mancha
32%
230 Totana 34 162 Murcia
32%
577 Valdemorillo 14 395 C. de Madrid
32%
682 Valle de Trápaga-Trapagaran 11 795 País Vasco
32%
947 Valverde de la Virgen 7 943 Castilla León
32%
640 Valverde del Camino 12 739 Andalucía
32%
288 Vícar 29 104 Andalucía
32%
354 Vila-seca 24 158 Catalunya
32%
465 Villalbilla 18 661 C. de Madrid
32%
617 Abarán 13 225 Murcia
27%
619 Abrera 13 207 Catalunya
27%
609 Albatera 13 476 C. Valenciana
27%
746 Alcarràs 10 556 Catalunya
27%
768 Alcaudete 10 182 Andalucía
27%
767 Alella 10 251 Catalunya
27%
381 Alfafar 22 266 C. Valenciana
27%
750 Alguazas 10 419 Murcia
27%
747 Alhendín 10 507 Andalucía
27%
374 Aljaraque 22 772 Andalucía
27%
987 Altsasu/Alsasua 7 705 Navarra
27%
574 Andoain 14 505 País Vasco
27%
589 Antigua 14 027 Canarias
27%
441 Arahal 19 558 Andalucía
27%
881 Artà 8 696 Islas Baleares
27%
406 Atarfe 20 952 Andalucía
27%
995 Azuaga 7 594 Extremadura
27%
625 Badia del Vallès 13 058 Catalunya
27%
979 Balmaseda 7 737 País Vasco
27%
958 Baztan 7 837 Navarra
27%
934 Bembibre 8 075 Castilla León
27%
642 Benaguasil 12 707 C. Valenciana
27%
804 Benahavís 9 765 Andalucía
27%
664 Benifaió 12 238 C. Valenciana
27%
704 Berriozar 11 317 Navarra
27%
365 Bormujos 23 086 Andalucía
27%
819 Caldas de Reis 9 631 Galicia
27%
286 Candelaria 29 240 Canarias
27%
730 Cantillana 10 768 Andalucía
27%
518 Carlet 16 833 C. Valenciana
27%
764 Carreño 10 296 Asturias
27%
635 Castell d'Aro, Platja d'Aro i s'Agaró 12 889 Catalunya
27%
511 Castilleja de la Cuesta 17 068 Andalucía
27%
967 Cercedilla 7 782 Madrid
27%
516 Churriana de la Vega 16 911 Andalucía
27%
319 Ciempozuelos 26 254 C. de Madrid
27%
801 Consuegra 9 806 Castilla La Mancha
27%
534 Corbera de Llobregat 16 044 Catalunya
27%
540 Corvera de Asturias 15 793 Asturias
27%
848 El Sauzal 9 354 Canarias
27%
442 El Viso del Alcor 19 473 Andalucía
27%
376 Esparreguera 22 639 Catalunya
27%
523 Espartinas 16 574 Andalucía
27%
816 Fernán Núñez 9 650 Andalucía
27%
692 Fortuna 11 563 Murcia
27%
643 Fuensalida 12 662 Castilla La Mancha
27%
449 Fuente Álamo de Murcia 19 088 Murcia
27%
726 Garrucha 10 823 Andalucía
27%
924 Gelida 8 192 Catalunya
27%
745 Gelves 10 558 Andalucía
27%
604 Gines 13 660 Andalucía
27%
241 Ingenio 32 846 Canarias
27%
706 Jódar 11 279 Andalucía
27%
687 La Bisbal d'Empordà 11 731 Catalunya
27%
828 La Cistérniga 9 483 Castilla León
27%
502 La Garriga 17 386 Catalunya
27%
859 La Matanza de Acentejo 9 116 Canarias
27%
360 Las Gabias 23 763 Andalucía
27%
557 La Solana 15 214 Castilla La Mancha
27%
371 Las Torres de Cotillas 22 814 Murcia
27%
834 La Victoria de Acentejo 9 452 Canarias
27%
421 La Zubia 20 398 Andalucía
27%
738 L'Escala 10 641 Catalunya
27%
822 Llagostera 9 579 Catalunya
27%
524 Lliçà d'Amunt 16 519 Catalunya
27%
428 Los Alcázares 20 163 Murcia
27%
935 Maçanet de la Selva 8 065 Catalunya
27%
443 Marchena 19 416 Andalucía
27%
775 Masquefa 10 111 Catalunya
27%
800 Matadepera 9 808 Catalunya
27%
713 Meliana 11 046 C. Valenciana
27%
765 Mengíbar 10 278 Andalucía
27%
396 Mogán 21 403 Canarias
27%
512 Montornès del Vallès 17 062 Catalunya
27%
569 Mont-roig del Camp 14 652 Catalunya
27%
776 Montserrat 10 095 C. Valenciana
27%
567 Moralzarzal 14 725 C. de Madrid
27%
477 Mungia 18 135 País Vasco
27%
293 Mutxamel 28 689 C. Valenciana
27%
913 Nájera 8 313 La Rioja
27%
888 Náquera/Nàquera 8 654 Valencia
27%
555 Ogíjares 15 242 Andalucía
27%
957 Olvera 7 838 Andalucía
27%
911 Padrón 8 324 Galicia
27%
781 Palafolls 10 026 Catalunya
27%
543 Palau-solità i Plegamans 15 584 Catalunya
27%
674 Pallejà 11 976 Catalunya
27%
840 Palomares del Río 9 426 Andalucía
27%
723 Pego 10 852 C. Valenciana
27%
689 Peligros 11 705 Andalucía
27%
584 Pilas 14 251 Andalucía
27%
757 Pizarra 10 383 Andalucía
27%
891 Polinyà 8 572 Catalunya
27%
965 Pravia 7 786 Asturias
27%
789 Rafelbunyol 9 956 Valencia
27%
921 Roda de Berà 8 240 Catalunya
27%
496 Rojales 17 488 C. Valenciana
27%
797 Rute 9 816 Andalucía
27%
795 San Fulgencio 9 906 Valencia
27%
547 Santa Fe 15 526 Andalucía
27%
743 Santa Margarida de Montbui 10 601 Catalunya
27%
968 Santa Margarida i els Monjos 7 775 Catalunya
27%
548 Santa Úrsula 15 450 Canarias
27%
885 Santiponce 8 666 Andalucía
27%
427 Sant Quirze del Vallès 20 175 Catalunya
27%
632 Sant Sadurní d'Anoia 12 930 Catalunya
27%
721 Sedaví 10 862 C. Valenciana
27%
806 Solsona 9 741 Catalunya
27%
564 Sopelana 15 040 País Vasco
27%
341 Tacoronte 24 694 Canarias
27%
630 Teulada 12 932 C. Valenciana
27%
942 Tobarra 8 002 Castilla La Mancha
27%
325 Tomares 25 577 Andalucía
27%
897 Tona 8 513 Catalunya
27%
553 Torelló 15 334 Catalunya
27%
598 Torre del Campo 13 894 Andalucía
27%
649 Torroella de Montgrí 12 507 Catalunya
27%
531 Vallirana 16 239 Catalunya
27%
949 Vega de San Mateo 7 904 Canarias
27%
654 Vegas del Genil 12 433 Andalucía
27%
575 Velilla de San Antonio 14 467 C. de Madrid
27%
762 Villacarrillo 10 323 Andalucía
27%
977 Villamayor 7 740 Castilla León
27%
821 Villarrubia de los Ojos 9 583 Castilla La Mancha
27%
793 Villava/Atarrabia 9 918 Navarra
27%
990 Xixona/Jijona 7 667 Valencia
27%
610 Yuncos 13 435 Castilla La Mancha
27%
879 Zuera 8 714 Aragón
27%
808 Zumarraga 9 689 País Vasco
27%
855 Almagro 9 238 Castilla La Mancha
23%
959 Almàssera 7 835 Valencia
23%
940 Almodóvar del Río 8 029 Andalucía
23%
862 Almussafes 9 066 Valencia
23%
736 Ansoáin 10 656 Navarra
23%
858 A Pobra do Caramiñal 9 122 Galicia
23%
620 Aranguren 13 200 Navarra
23%
413 Archena 20 795 Murcia
23%
932 Archidona 8 098 Andalucía
23%
675 Arrigorriaga 11 938 País Vasco
23%
708 Barbadás 11 192 Galicia
23%
576 Bergara 14 415 País Vasco
23%
774 Bigues i Riells 10 124 Catalunya
23%
756 Calasparra 10 384 Murcia
23%
895 Campillos 8 553 Andalucía
23%
866 Casares 8 984 Andalucía
23%
817 Catral 9 649 Valencia
23%
955 Centelles 7 860 Catalunya
23%
894 Cintruénigo 8 554 Navarra
23%
991 Cobeña 7 655 Madrid
23%
892 Colindres 8 571 Cantabria
23%
878 Corella 8 734 Navarra
23%
909 Dolores 8 335 Valencia
23%
874 El Cuervo de Sevilla 8 779 Andalucía
23%
916 El Paso 8 291 Canarias
23%
951 Es Castell 7 895 Islas Baleares
23%
670 Etxebarri 12 035 País Vasco
23%
786 Finestrat 9 980 Valencia
23%
973 Firgas 7 757 Canarias
23%
943 Foios 7 987 Valencia
23%
790 Fuente Palmera 9 932 Andalucía
23%
814 Grado 9 656 Asturias
23%
370 Guía de Isora 22 846 Canarias
23%
982 Guissona 7 715 Catalunya
23%
851 Hoyo de Manzanares 9 323 Madrid
23%
950 Huarte/Uharte 7 900 Navarra
23%
342 Icod de los Vinos 24 675 Canarias
23%
791 Illora 9 925 Andalucía
23%
737 L'Alcora 10 646 C. Valenciana
23%
904 Legazpi 8 370 País Vasco
23%
852 Loeches 9 321 Madrid
23%
882 Marchamalo 8 691 Castilla La Mancha
23%
956 Melide 7 840 Galicia
23%
884 Monachil 8 676 Andalucía
23%
624 Monóvar/Monòver 13 098 C. Valenciana
23%
847 Muro de Alcoy 9 361 Valencia
23%
749 Oiartzun 10 468 País Vasco
23%
696 Oñati 11 518 País Vasco
23%
933 Ondarroa 8 092 País Vasco
23%
929 Onil 8 145 Valencia
23%
728 Ordizia 10 792 País Vasco
23%
809 Padul 9 676 Andalucía
23%
872 Pedreguer 8 843 Valencia
23%
922 Rociana del Condado 8 197 Andalucía
23%
842 Salceda de Caselas 9 399 Galicia
23%
594 San Agustín del Guadalix 13 947 C. de Madrid
23%
837 Santa Comba 9 437 Galicia
23%
587 Santa Margalida 14 137 Islas Baleares
23%
849 Sant Fruitós de Bages 9 324 Catalunya
23%
796 Sevilla la Nueva 9 823 Madrid
23%
832 Tocina 9 460 Andalucía
23%
514 Tuineje 16 948 Canarias
23%
936 Valencina de la Concepción 8 051 Andalucía
23%
900 Valle de Elorz/Elortzibar 8 447 Navarra
23%
693 Vilamarxant 11 552 C. Valenciana
23%
988 Villa de Otura 7 691 Andalucía
23%
663 Villamartín 12 264 Andalucía
23%
939 Villarejo de Salvanés 8 035 Madrid
23%
952 Villaverde del Río 7 884 Andalucía
23%
711 Alberic 11 109 C. Valenciana
18%
1000 Begues 7 545 Catalunya
18%
908 Camarma de Esteruelas 8 342 Madrid
18%
966 Carbajosa de la Sagrada 7 785 Castilla León
18%
917 Cenes de la Vega 8 289 Andalucía
18%
945 Cúllar Vega 7 964 Andalucía
18%
875 El Boalo 8 766 Madrid
18%
944 Gerena 7 968 Andalucía
18%
583 Guillena 14 251 Andalucía
18%
887 Herencia 8 658 Castilla La Mancha
18%
883 La Mojonera 8 690 Andalucía
18%
868 L'Olleria 8 928 Valencia
18%
954 Malagón 7 865 Castilla La Mancha
18%
907 Moncofa 8 345 Valencia
18%
998 Montblanc 7 568 Catalunya
18%
941 Moya 8 002 Canarias
18%
857 Olías del Rey 9 184 Castilla La Mancha
18%
823 Olivares 9 534 Andalucía
18%
877 Ortuella 8 741 País Vasco
18%
986 Pedro Muñoz 7 707 Castilla La Mancha
18%
799 Pinos Puente 9 812 Andalucía
18%
914 Redován 8 310 Valencia
18%
962 Rocafort 7 810 Valencia
18%
999 Soutomaior 7 568 Galicia
18%
846 Tiana 9 362 Catalunya
18%
923 Trigueros 8 195 Andalucía
18%
829 Umbrete 9 482 Andalucía
18%
871 Vidreres 8 852 Catalunya
18%
961 Viladecavalls 7 816 Catalunya
18%
976 Villa del Prado 7 743 Madrid
18%
854 Villamediana de Iregua 9 243 La Rioja
18%
905 Zalla 8 350 País Vasco
18%
964 Abadiño 7 786 País Vasco
14%
844 Abanto y Ciérvana/Abanto Zierbena 9 389 País Vasco
14%
827 Arico 9 510 Canarias
14%
963 Astigarraga 7 804 País Vasco
14%
920 Berango 8 257 País Vasco
14%
994 Berrioplano/Berriobeiti 7 624 Navarra
14%
989 Bunyola 7 678 Islas Baleares
14%
974 Cabrils 7 755 Catalunya
14%
807 Cervelló 9 726 Catalunya
14%
841 Sant Fost de Campsentelles 9 400 Catalunya
14%
985 Turís 7 709 Valencia
14%
984 Vacarisses 7 710 Catalunya
14%
792 Valsequillo de Gran Canaria 9 919 Canarias
14%
824 Villacañas 9 531 Castilla La Mancha
14%
925 Brión 8 190 Galicia
9%
972 Medio Cudeyo 7 764 Cantabria
9%
969 Oroso 7 770 Galicia
9%
901 Reocín 8 396 Cantabria
9%
825 Sentmenat 9 528 Catalunya
9%
No se encontraron pruebas coincidentes
Distribución de puntuación
Porcentaje de gente con cada puntuación
Porcentaje por número respondido
Historial de tus puntuaciones
No has intentado esta prueba.